[Event "Fall Chess Classic 2017-B"]
[Site "Saint Louis"]
[Date "2017.09.07"]
[Round "2"]
[White "Prasanna Raghuram Rao"]
[Black "Abrahamyan, Tatev"]
[Result "1-0"]
[WhiteElo "2455"]
[BlackElo "2333"]
[Annotator "TA"]
[PlyCount "199"]
[EventDate "2017.??.??"]
[EventType "tourn"]
[EventCountry "USA"]
[SourceTitle "playchess.com"]
[Source "ChessBase"]
[SourceQuality "1"]

{[%evp 15,199,7,21,33,27,31,34,33,20,20,20,20,20,18,34,3,21,20,16,0,0,-8,0,0,-5,-5,0,-8,0,0,19,26,58,58,48,66,206,204,176,119,126,47,49,0,19,0,107,102,101,95,128,103,121,6,11,0,52,0,0,0,15,0,0,0,0,0,18,20,18,29,36,12,31,22,46,47,47,63,54,0,0,0,0,0,0,0,8,10,8,8,8,0,243,245,238,238,280,271,279,276,267,262,381,225,216,216,211,163,166,165,129,146,200,181,439,367,685,641,465,243,190,145,232,228,387,197,334,171,686,797,567,376,356,338,12828,12827,12835,12835,12835,10929,2377,12135,12838,1005,12833,340,337,311,321,314,1014,869,1982,1584,1174,663,308,308,12835,297,214,107,99,94,274,195,187,112,112,83,12820,12816,12670,9803,1133,93,12834,12834,12833,12835,12835,12835,12834,12827,12843,12843]} 1. d4 Nf6 2. Nf3 e6 3. Bg5 Be7 4. Nbd2 d5 5. e3 O-O 6. Bd3 b6 7. Ne5 Bb7 8. Qf3 Nbd7 {LiveBook: 3 Games. D03: 1 d4 d5 2 Nf3 Nf6 3 Bg5, including Torre Attack with early ...d5} (8... Nc6 9. Nxc6 Bxc6 10. Qh3 h6 11. Bxf6 Bxf6 12. f4 Bd7 13. g4 Be7 14. Rg1 Qe8 15. c3 c5 16. Nf3 cxd4 17. exd4 {1-0 (47) Sulava,N (2453)-Hulak,K (2463) Bol 2014}) 9. Qh3 Ne4 10. Bxe7 Qxe7 {White is slightly better.} 11. Nxd7 Qxd7 12. f3 Nf6 13. g4 g6 $1 14. c3 c5 15. Qg3 a5 $146 ({Predecessor:} 15... Qe7 16. O-O-O Rfc8 17. Kb1 {1-0 (36) Disconzi da Silva,R (2360)-Iwakura,M Porto Alegre 1994}) 16. h4 Ba6 17. Bc2 cxd4 18. exd4 b5 19. Qf4 Qe7 20. h5 b4 21. cxb4 axb4 22. Kf2 Rac8 23. Rac1 Rc6 {And now ...Rfc8 would win.} 24. Ba4 Rxc1 25. Rxc1 {Black must now prevent Rc7.} Rc8 (25... Ne8 $14) 26. Rxc8+ $18 Bxc8 27. Qb8 $36 {[%mdl 2048] White is in control.} ({White should try} 27. h6 $1 $18) 27... Qf8 28. Qe5 (28. Qc7 $1 $16) 28... Bd7 $1 $14 29. Qxf6 Bxa4 30. Nf1 gxh5 (30... Bc2 $11 {remains equal.}) 31. gxh5 $16 {h6 is the strong threat.} h6 32. Ne3 Qg7 33. Qf4 $1 Kh7 34. Qc7 (34. b3 $1 $16 {[%cal Rb3a4]} Bd7 35. Qe5) 34... Qf6 $11 35. Kg3 (35. Qe5 $5 {[%cal Re5f6]} Qh4+ 36. Kg2 $11) 35... Be8 (35... Qxd4 $11 36. Qxf7+ Qg7+ 37. Qxg7+ Kxg7) 36. Qf4 (36. Qe5 $1 $14 Qxe5+ 37. dxe5) 36... Qg7+ 37. Qg4 Qf6 38. Kf2 (38. Qh4 $5 {[%cal Rh4f6]} Qg7+ 39. Kf2 $11) 38... Bb5 39. Nc2 Qe7 40. Qf4 Bd3 41. Ne3 {Strongly threatening Ng4.} f5 $1 42. Ng2 Bb5 43. Qe5 Be8 $1 44. Nf4 Qh4+ 45. Kg2 Qg5+ 46. Kh3 Bf7 47. Kh2 (47. Qc7 $14 Kg8 48. Qb8+ Kg7 49. Qc7) 47... Qh4+ 48. Kg2 Qg5+ 49. Kf2 Qh4+ 50. Ke3 Qe1+ 51. Ne2 Qb1 52. Qf6 Bxh5 53. Qe7+ Kh8 $2 (53... Kg8 $11 {and Black stays safe.}) 54. Qxe6 $18 Kg7 55. Qe5+ (55. Qxd5 Qxb2 56. Qe5+ (56. Qxf5 Bf7 $16) 56... Kg8 $14) 55... Kh7 56. Qe7+ (56. Qxd5 Qxb2 57. Qxf5+ Bg6 $16) 56... Kg8 57. Qxb4 Qxa2 58. Qb8+ Kh7 (58... Kg7 {was called for.} 59. Kf2 Qb1) 59. Qc7+ (59. Qb7+ $142 Kg8 60. Qb8+ Kg7 61. Kf2) 59... Kg8 60. Qc8+ Kg7 61. Qxf5 Qb3+ 62. Kf2 Bf7 63. Qe5+ Kh7 (63... Kg6 $16 64. Kg3 Qxb2 65. Nf4+ Kh7 66. Nxd5 Bxd5) 64. Qf6 Kg8 $2 (64... Bg6 {might work better.} 65. Qe7+ Kg8 66. Qe6+ Kg7 67. Qe5+ Kh7 68. Qc7+ Kg8) 65. Qxh6 Qxb2 $2 (65... Qb7 66. Qc1 Qb6) 66. Qg5+ Kf8 67. Qe3 (67. Qd8+ $142 Kg7 68. Qg5+ Kf8 69. Qd8+ Kg7 70. Qg5+ Kf8) 67... Qc2 68. Qc3 Qa2 (68... Qh7 $16 {is a better defense.} 69. Qc5+ Kg7) 69. Qc7 Qd2 $2 (69... Ke8 70. Qc6+ Kf8 71. Qd6+ Kg7 72. Qe5+ Kg8 73. Qg3+ Kh7 74. Qh4+ Kg8 75. Qg3+ Kh7) 70. Qd6+ (70. Qd8+ $142 Kg7 71. Qe7) 70... Kg8 (70... Ke8 $142 71. Qc6+ Kf8 72. Qc8+ Kg7 73. Qg4+ Kf8) 71. Qe5 (71. Qe7 $142) 71... Qc2 $2 (71... Kf8 72. f4 Kg8) 72. Kg3 Qd1 73. Nf4 Qg1+ 74. Ng2 Qf1 $2 (74... Kf8 75. f4 Kg8) 75. Qe3 ({Not} 75. Qg5+ Kh7 $16) 75... Qb1 76. Nh4 Kf8 77. Qh6+ Ke8 78. Qc6+ Kf8 79. Qd6+ (79. Qc8+ $142 Kg7 80. Nf5+ Kh7 81. Kf4) 79... Kg8 80. Qd8+ $2 (80. Kf4 Qc1+ 81. Kf5) 80... Kh7 81. Qf6 Qe1+ 82. Kh2 Qe2+ $2 (82... Qf2+ 83. Kh3 Qf1+ 84. Ng2 Kg8 85. Qg5+ Kf8) 83. Ng2 Kg8 84. Kg3 Qd3 85. Nf4 Qf1 86. Qd8+ Kh7 $2 (86... Kg7 87. Qg5+ Kf8) 87. Qh4+ $2 (87. Qf8 Qg1+ 88. Kh4) 87... Kg8 88. Qh2 ({White should play} 88. Ng2 $18) 88... Qe1+ $16 89. Qf2 Qd1 $2 (89... Qc1 $16) 90. Nh3 Qd3 {[#]} 91. Kh2 (91. Ng5 $1 $18) 91... Kf8 92. Ng5 Bg6 $2 {[%mdl 8192] [#]} (92... Kg7 $16) 93. Ne6+ $1 $18 Kf7 94. Nf4 Qf5 95. Qe3 $2 (95. Qh4 $18 {and White stays clearly on top.} Ke8 96. Qh8+ Kd7 97. Qg7+ (97. Qb8 Bf7 $16) 97... Qf7 98. Qe5) 95... Bh5 $2 {[%mdl 8192]} (95... Bh7 $16 96. Qc1 Bg8) 96. Kg3 {White is clearly winning.} Qg5+ 97. Kf2 Qh4+ 98. Ke2 Qh2+ 99. Kd3 Kf8 100. Qe5 {Precision: White = 52%, Black = 41%.} 1-0

[Event "Fall Chess Classic 2017-B"]
[Site "Saint Louis"]
[Date "2017.09.07"]
[Round "2"]
[White "Ni, Shiqun"]
[Black "Ramirez, Alejandro"]
[Result "0-1"]
[WhiteElo "2426"]
[BlackElo "2563"]
[Annotator "TA"]
[PlyCount "96"]
[EventDate "2017.??.??"]
[EventType "tourn"]
[EventCountry "USA"]
[SourceTitle "playchess.com"]
[Source "ChessBase"]
[SourceQuality "1"]

{[%evp 19,96,8,8,4,8,11,12,-6,-8,-12,-7,-5,0,-16,-12,-52,-47,-62,-47,-105,-23,-54,-29,-27,-26,-59,-52,-53,-27,-27,-27,-73,-69,-98,-95,-100,-97,-91,-93,-121,-120,-123,-121,-131,-125,-127,-106,-106,-106,-156,-149,-127,-118,-187,-169,-177,-179,-199,-188,-437,-407,-513,-500,-510,-491,-553,-539,-964,-884,-822,-850,-799,-758,-1549,-1508,-1418,-1427,-1454,-1391]} 1. e4 c5 2. Nf3 e6 3. c3 d5 4. exd5 Qxd5 5. d4 Nf6 6. Na3 Be7 7. Nb5 Na6 8. Be2 O-O 9. O-O cxd4 10. Qxd4 Bd7 {LiveBook: 9 Games. B22: Sicilian: 2 c3} (10... Qxd4 11. Nfxd4 e5 12. Nc2 Be6 13. b3 Rfc8 14. c4 Nc5 15. Bb2 a6 16. Nc3 a5 17. Ba3 Kf8 18. Bf3 {1-0 (57) Nakamura,H (2784)-Bacrot,E (2725) Geneve 2013}) 11. Rd1 Qxd4 12. Nbxd4 Rfd8 $146 {The position is equal.} ({Predecessor:} 12... Nc5 13. Ne5 {½-½ (13) Barr,E-Van Ee,A UECC Email 1999}) 13. b3 Nc5 14. c4 Be8 15. Bb2 a5 16. Nc2 Nfe4 17. Ne5 f6 18. Nd3 Nxd3 19. Bxd3 {[#]} (19. Rxd3 $15 Rxd3 20. Bxd3) 19... Bg6 ({Black should try} 19... Bh5 $1 $17 {White must now prevent ...Nc5.} 20. Nd4 Bxd1 21. Bxe4 Bg4) 20. Bxe4 Bxe4 21. Nd4 e5 22. Ne6 Rxd1+ 23. Rxd1 Bc6 {And now ...Rc8 would win.} (23... Kf7 $5 {[%cal Rf7e6]} 24. Nc7 Rd8 25. Rxd8 Bxd8 $15) 24. Nc7 $1 {[%cal Rc7a8]} Rd8 {[%cal Rd8d1]} 25. Nd5 Bxd5 26. cxd5 $17 {[%mdl 4096] Endgame KRB-KRB} Kf7 27. Kf1 Bc5 28. Ke2 Ke7 29. f3 Kd6 30. Bc3 b6 31. Rd3 Re8 32. Kd1 e4 33. fxe4 Rxe4 34. Rh3 Rg4 (34... Kxd5 $6 35. Rxh7 Re7 36. Rh8 $11) 35. g3 h6 ({But not} 35... Kxd5 $6 36. Rxh7 Ke6 37. Kc2 $11) 36. Rh5 {[#]} (36. Bd2 $17 {was called for.}) 36... Rg5 $1 $19 {[%cal Rg5h5]} 37. Rh4 Rf5 38. Rg4 g5 {Threatens to win with ...Rf1+.} ({Don't play} 38... Rxd5+ 39. Ke2 $17) ({Resist} 38... Kxd5 39. Rxg7 Rf2 40. Rd7+ Bd6 41. Bd2 $15) 39. Be1 $2 (39. Re4) 39... Kxd5 40. Rc4 Rf1 {Black is clearly winning.} 41. Ke2 Rh1 42. h4 b5 43. Rc2 Rh2+ 44. Kd3 Rxc2 45. Kxc2 Bb4 46. hxg5 fxg5 47. Bf2 Ke4 48. Bb6 a4 {Precision: White = 34%, Black = 73%.} 0-1

[Event "Fall Chess Classic 2017-B"]
[Site "Saint Louis"]
[Date "2017.09.08"]
[Round "3"]
[White "Ramirez, Alejandro"]
[Black "Prasanna Raghuram Rao"]
[Result "1-0"]
[WhiteElo "2563"]
[BlackElo "2455"]
[Annotator "TA"]
[PlyCount "63"]
[EventDate "2017.??.??"]
[EventType "tourn"]
[EventCountry "USA"]
[SourceTitle "playchess.com"]
[Source "ChessBase"]
[SourceQuality "1"]

{[%evp 14,63,5,8,66,46,42,20,21,16,21,21,42,31,44,37,77,66,64,62,98,96,110,41,37,56,116,101,155,147,155,145,163,149,163,147,151,3,256,253,232,255,240,234,355,354,507,397,1265,1262,1256,1254]} 1. c4 c5 2. b3 Nc6 3. g3 e5 4. Bg2 g6 5. Nc3 {[%cal Bb1c3,Bc3d5,Bd5f4][%mdl 32]} Bg7 6. e3 {A36: Symmetrical English vs ...g6: 4 Bg2 Bg7} (6. Bxc6 dxc6 7. Bb2 Nf6 8. d3 O-O 9. Qc2 Qe7 10. h3 Nh5 11. O-O-O f5 12. e3 Bd7 13. Nge2 Rad8 {½-½ (21) Bauer,C (2627)-Cvitan,O (2526) Switzerland 2014}) 6... Nge7 7. Nge2 O-O 8. O-O {LiveBook: 42 Games. The position is equal.} f5 (8... d6 $11) 9. Bb2 (9. d4 $5) 9... d6 10. Nd5 (10. d4 $5) 10... Be6 11. d3 Rb8 12. Qd2 a6 13. d4 cxd4 14. exd4 e4 $146 ({Find the theoretical novelty and annotate with similar games:} 14... b5 15. Nxe7+ Nxe7 16. cxb5 axb5 17. dxe5 dxe5 18. Rfd1 Qxd2 19. Rxd2 {0-1 (42) Velikov,P (2464)-Pira,D (2441) Agneaux 2000}) 15. Ndf4 Bf7 16. d5 {aiming for Bxg7.} Ne5 17. Nd4 Bh6 18. Qc3 {Hoping for Nfe6.} Qd7 $1 19. f3 exf3 ({Black should play} 19... b5 $14) 20. Bxf3 $16 Rfc8 {[#]} (20... Bg7 $142) 21. Nde6 $1 {Strongly threatening Rae1.} b5 {[%cal Rb5c4]} 22. Rae1 bxc4 23. Rxe5 $1 dxe5 ({But not} 23... cxb3 24. Qd4 (24. Nc5 Rxc5 25. Rxe7 Rxc3 $11)) 24. Qxe5 {[%csl Gb2][%cal Re5h8]} c3 25. Bc1 $40 {[%mdl 128] White attacks.} ({Only move:} 25. Bxc3 $16 Rxc3 26. Qxc3 (26. Qxb8+ Nc8 $16)) 25... g5 $2 {[%mdl 8192] [#]} (25... Rb5 $11 {and Black is okay.}) 26. Nh5 $1 $18 {[%cal Rh5f6]} Bxh5 27. Bxh5 Ng6 28. Qxf5 Qe8 (28... Rf8 $142 29. Nxf8 Qxf5 30. Rxf5 Bxf8 31. Bxg5 c2) 29. d6 ({Less strong is} 29. Nxg5 Bxg5 30. Bxg5 Rb6 $16) 29... Rb7 (29... Rd8 $142 30. Nxd8 Rxd8) 30. Qd5 Rf7 $2 (30... Qb5 31. Nc5+ Kh8) 31. Nc7 Qf8 32. Bg4 {Precision: White = 79%, Black = 37%.} 1-0

[Event "Fall Chess Classic 2017-B"]
[Site "Saint Louis"]
[Date "2017.09.08"]
[Round "3"]
[White "Shabalov, Alexander"]
[Black "Friedel, Joshua E"]
[Result "0-1"]
[WhiteElo "2563"]
[BlackElo "2547"]
[Annotator "TA"]
[PlyCount "64"]
[EventDate "2017.??.??"]
[EventType "tourn"]
[EventCountry "USA"]
[SourceTitle "playchess.com"]
[Source "ChessBase"]
[SourceQuality "1"]

{[%evp 14,64,11,0,25,12,14,-88,-95,-134,-58,-65,-46,-81,-52,-123,-124,-124,-84,-114,-110,-100,-83,-57,-37,-34,-28,-325,-322,-315,-283,-364,-365,-348,-75,-67,-63,-66,-65,-74,-68,-96,-95,-91,-89,-1183,-1138,-5377,-1029,-1640,-1026,-979,-872]} 1. e4 e5 2. Nf3 Nc6 3. Nc3 Nf6 4. Bb5 Bb4 5. O-O O-O 6. d3 Bxc3 7. bxc3 d6 {C49: Four Knights: 4 Bb5 Bb4} 8. Nd2 {LiveBook: 7 Games} Bd7 9. f4 exf4 {The position is equal.} 10. c4 $146 (10. Rxf4 $11 {keeps the balance.} Ne5 11. Bxd7 Qxd7 12. c4) ({Predecessor:} 10. Rxf4 Ne7 11. Bxd7 Nxd7 12. c4 Ne5 13. Bb2 f6 14. Nf1 Qd7 15. Ne3 {1-0 (41) Harikrishna,P (2763)-Eljanov,P (2765) Shamkir 2016}) 10... Bg4 $17 11. Qe1 Nh5 ({Better is} 11... Nd4 $17 12. Ba4 c6) 12. Bxc6 $15 bxc6 13. Nb3 Qg5 14. Qa5 ({White should try} 14. Qf2 $15) 14... f5 $17 15. Rf2 c5 {...fxe4 is the strong threat.} 16. exf5 Rxf5 ({But not} 16... Qxf5 17. Qxc7 Qg6 18. Qb7 $15) 17. Qxc7 Qg6 {White must now prevent ...f3.} 18. Nd2 f3 19. Ne4 fxg2 {aiming for ...Rxf2.} 20. Be3 $2 {[%mdl 8192]} (20. Rb1 $1 $11 Rxf2 21. Nxf2) 20... Rxf2 $19 21. Nxf2 Bf3 22. Rb1 h6 23. Rb8+ {[#]} Rxb8 $2 (23... Kh7 $1 $19 {is more deadly.} 24. Rxa8 Qf6 25. Rh8+ Kxh8 26. Qb8+ Kh7) 24. Qxb8+ $17 Kh7 {And now ...Qe6 would win.} 25. Qf8 $1 {[%cal Rf8f3]} Bb7 26. Qe7 $1 {[%cal Re7b7]} Bc6 27. Qc7 Bf3 {( -> ...Qf6)} 28. Qe7 {[#]} d5 $1 $40 {[%mdl 128] Black goes for the king.} 29. Qxc5 $2 {[%mdl 8192]} (29. Qf8 $17 Nf6 30. Qxc5) 29... Ng3 $19 {[%cal Rg3e2] Black is clearly winning.} 30. Nh3 Ne2+ (30... Qf6 $142 31. Bf4 Ne2+ 32. Kf2 Nxf4) 31. Kf2 g1=Q+ 32. Nxg1 Nxg1 {Precision: White = 31%, Black = 54%.} ({Stronger than} 32... Qxg1+ 33. Kxf3 Qd1 34. cxd5 $11) 0-1

[Event "Fall Chess Classic 2017-B"]
[Site "Saint Louis"]
[Date "2017.09.08"]
[Round "3"]
[White "Arribas Lopez, Angel"]
[Black "Ni, Shiqun"]
[Result "0-1"]
[WhiteElo "2505"]
[BlackElo "2426"]
[Annotator "TA"]
[PlyCount "136"]
[EventDate "2017.??.??"]
[EventType "tourn"]
[EventCountry "USA"]
[SourceTitle "playchess.com"]
[Source "ChessBase"]
[SourceQuality "1"]

{[%evp 9,136,-7,0,-16,-8,-6,19,11,20,7,0,-19,-16,-73,-64,-67,-81,-71,-72,-103,-70,-62,-74,-67,-61,-99,-100,-113,-107,-85,-84,-89,-53,-250,-139,-135,-131,-132,-148,-183,-164,-178,-104,-146,-141,-152,-168,-237,-248,-286,-271,-280,-292,-388,-307,-302,-282,-356,-347,-333,-339,-441,-182,-297,-300,-300,-250,-216,-158,-214,-108,-95,-101,-97,-111,-147,-119,-127,-133,-143,0,-241,-239,-209,-253,-253,-253,-253,-247,-339,-199,-200,-204,-204,-197,-197,-203,-320,-198,-12836,-12836,-12837,-12836,-12837,-12837,-12837,-12838,-12838,-12839,-12839,-12839,-12840,-12840,-12841,-12839,-12840,-12840,-12841,-12841,-12842,-12842,-12843,-12843,-12844,-12844,-12845,-12845,-12845,-12846]} 1. Nf3 d5 2. e3 Nf6 3. b3 Bf5 4. Bb2 e6 5. Nh4 (5. Be2 h6 6. O-O Bd6 7. c4 O-O 8. Nc3 c6 9. d3 Qe7 10. a3 Nbd7 11. b4 Rad8 12. Qb3 a6 13. Rad1 Rfe8 14. Rfe1 {1-0 (58) Vachier Lagrave,M (2796)-So,W (2812) Leuven 2017}) 5... Bg4 {[%cal Bf5g4,Bg4h5,Bh5g6][%mdl 32] LiveBook: 3 Games} 6. f3 {A06: Réti Opening:1 Nf3 d5} (6. Nf3 {feels hotter.} Be7 7. Be2 c5 8. O-O Nc6 9. d4) 6... Bh5 7. g3 Nbd7 8. Be2 {The position is equal.} Bd6 $146 ({Predecessor:} 8... c6 9. Nc3 Bd6 10. d4 Qc7 11. f4 Bg6 12. Nxg6 hxg6 {0-1 (48) Fonseca,L (1895)-Capeletti,C (1710) Porto Alegre 2013}) 9. d3 c6 10. Ng2 Bg6 $36 {[%mdl 2048] Black has the initiative.} 11. g4 (11. O-O $11) 11... h6 $17 12. f4 Qe7 13. Nd2 O-O-O 14. a3 Ne8 15. b4 f5 16. h3 e5 17. Nf3 exf4 18. Nxf4 Bh7 $1 {Strongly threatening ...fxg4.} 19. Qd2 fxg4 20. hxg4 Nef6 21. b5 $2 ({White should play} 21. Nd4 $15) 21... cxb5 (21... Nxg4 $19 22. bxc6 bxc6) 22. Nd4 a6 $1 23. Nfe6 Rde8 24. O-O-O Kb8 25. Kb1 Nc5 (25... Bxa3 26. Bxa3 Qxa3 27. Nxg7 $15) (25... Nb6 $19 26. Bc3 Na4) 26. g5 hxg5 (26... Nxe6 $6 27. gxf6 gxf6 28. Rxh6 $11) 27. Nxg5 Bg6 $1 ({But not} 27... Qxe3 $2 28. Qxe3 Rxe3 29. Nf7 $18) 28. Rhg1 (28. Ba1 {was worth a try.}) 28... Na4 $19 ({Don't play} 28... Qxe3 29. Qxe3 Rxe3 30. Rdf1 $17) 29. Nge6 Bxa3 30. Ba1 Rh6 31. Rdf1 {intending Nxg7!} Bb4 32. c3 Bc5 33. Rg3 Bxd4 34. Nxd4 Nc5 35. Ka2 Ne6 (35... Qc7 $142 36. Rg2 Nfd7 37. Rxg6 Rxg6) 36. Rfg1 (36. Rg2 {is a better defense.}) 36... Nxd4 37. cxd4 Bh5 38. Bf1 {[#]} g5 $1 39. Bc3 (39. Rxg5 $17 {might work better.} Qxe3 40. Bc3) 39... Rh7 (39... Nh7 $19 40. Rh3 Ka8) 40. Bb4 $17 Qe6 {...g4 is the strong threat.} 41. Rxg5 Qxe3 42. Bd6+ Ka8 43. Qxe3 Rxe3 44. Rh1 Bg6 (44... Ka7 $17 {aiming for ...Rf3.} 45. Rf5 Bg6 46. Rxh7 Nxh7) 45. Rxh7 $2 (45. Rxg6 $11 {and White is okay.} Rxh1 46. Rxf6) 45... Bxh7 $19 46. Re5 Ng4 47. Rg5 Rf3 $1 48. Rxg4 {Hoping for Bg2.} Rxf1 {[%mdl 4096] Endgame KRB-KRB} 49. Kb3 Rf7 ({Not} 49... Bxd3 50. Rg8+ Ka7 51. Kc3 $19) (49... b6 $142 50. Bc7 Bxd3 51. Bxb6 Kb7) 50. Bc5 {[#]} Kb8 $1 51. Kb4 Kc7 52. Ka5 Bxd3 {And now ...Rf2 would win.} 53. Rg8 (53. Rg3 $142 Be4 54. Bb6+ Kd7 55. Bc5) 53... Bf5 54. Rf8 $2 (54. Bb4) 54... Rxf8 {Black is clearly winning.} 55. Bxf8 {KB-KB} Kc6 56. Be7 Bc8 57. Bd8 {[#]} b4 $1 58. Kxb4 {[#]} b6 $1 59. Bh4 a5+ 60. Ka4 Bg4 61. Be1 Bd1+ 62. Ka3 Kb5 63. Bd2 Ka6 64. Be1 b5 {[%cal Bb6b5,Bb5b4][%mdl 32]} 65. Bh4 b4+ 66. Ka2 Kb5 67. Bd8 a4 {[%cal Ba5a4,Ba4a3][%mdl 32]} 68. Be7 a3 {Precision: White = 28%, Black = 71%.} 0-1

[Event "Fall Chess Classic 2017-B"]
[Site "Saint Louis"]
[Date "2017.09.08"]
[Round "3"]
[White "Chandra, Akshat"]
[Black "Pavlidis, Antonios"]
[Result "1/2-1/2"]
[WhiteElo "2481"]
[BlackElo "2536"]
[Annotator "TA"]
[PlyCount "67"]
[EventDate "2017.??.??"]
[EventType "tourn"]
[EventCountry "USA"]
[SourceTitle "playchess.com"]
[Source "ChessBase"]
[SourceQuality "1"]

{[%evp 16,67,0,0,0,0,7,-21,-14,-16,-20,-8,-15,-43,-22,-62,-8,-45,-25,-46,10,-13,-9,-1,9,8,1,6,6,6,33,26,32,13,17,0,0,0,0,0,0,0,0,0,0,0,0,0,0,0,0,0,0,0]} 1. d4 Nf6 2. c4 g6 3. g3 Bg7 4. Bg2 O-O 5. Nc3 Nc6 6. e3 e5 7. Nge2 exd4 8. exd4 d6 9. O-O {LiveBook: 26 Games} Ne7 {E61: King's Indian: Early deviations for White, including Smyslov System} 10. b3 (10. Bf4 Nf5 11. Qc1 Re8 12. h3 c6 13. g4 Ne7 14. Bh6 d5 15. c5 b6 16. cxb6 axb6 17. Re1 {0-1 (36) Gelfand,B (2743)-Giri,A (2755) Moscow 2016}) 10... Re8 11. Ba3 $146 ({Predecessor:} 11. d5 Nf5 12. Bd2 h5 13. Re1 a6 14. h3 Bd7 15. Qc2 Qe7 16. Rad1 {0-1 (59) Minaya Molano,J (2260)-Florez,C Bogota 1991}) 11... Nf5 12. Qc2 c6 13. Rad1 Bd7 14. h3 h5 (14... d5 $5) 15. Kh2 {[#]} Nh6 (15... d5 $1 $15 {[%mdl 512]}) 16. Ng1 Bf5 (16... d5 $5) 17. Qc1 Ne4 ({Black should play} 17... h4 $15) 18. Nxe4 Bxe4 19. d5 c5 20. Bb2 Bxg2 21. Kxg2 Nf5 22. Rfe1 Nd4 23. Rxe8+ Qxe8 24. Re1 (24. Bxd4 $5 Bxd4 25. Nf3 $14) 24... Qd7 {The position is equal.} 25. Ne2 (25. Bxd4 $5 Bxd4 26. Nf3 $14) 25... Nxe2 26. Rxe2 {aiming for Bxg7.} Re8 27. Bxg7 Kxg7 $11 {[%mdl 4096] Endgame KQR-KQR} (27... Rxe2 $2 {loses.} 28. Qh6 $18) 28. Qc3+ (28. Re3 {keeps more tension.} Rxe3 29. Qxe3 Kg8 30. a3 b6 31. b4) 28... f6 29. Rxe8 Qxe8 30. Qa5 Qe4+ 31. Kg1 Qb1+ 32. Kg2 {[#] Hoping for Qc7+.} Qe4+ 33. Kg1 {And now Qc7+ would win.} Qb1+ 34. Kg2 {Precision: White = 52%, Black = 51%.} 1/2-1/2

[Event "Fall Chess Classic 2017-B"]
[Site "Saint Louis"]
[Date "2017.09.08"]
[Round "3"]
[White "Abrahamyan, Tatev"]
[Black "Pichot, Alan"]
[Result "0-1"]
[WhiteElo "2333"]
[BlackElo "2565"]
[Annotator "TA"]
[PlyCount "140"]
[EventDate "2017.??.??"]
[EventType "tourn"]
[EventCountry "USA"]
[SourceTitle "playchess.com"]
[Source "ChessBase"]
[SourceQuality "1"]

{[%evp 18,140,15,8,8,0,18,0,0,0,22,19,71,65,73,60,74,33,40,25,38,39,38,-41,0,-53,0,0,0,0,87,87,106,89,93,80,122,107,119,100,146,150,149,108,160,149,181,144,137,124,129,108,86,0,150,139,153,129,118,-111,0,-26,-26,-26,-26,-26,-28,-39,-38,-30,-39,-40,-2,-2,-2,-8,-15,-13,-3,-65,-30,-188,-123,-114,-64,-139,-141,-134,-41,-198,-117,-105,-106,-337,-168,-119,-122,-312,-319,-307,-296,-443,-445,-440,-364,-339,-219,-182,-208,-186,-206,-239,-239,-566,-468,-820,-810,-783,-761,-754,-393,-5925,-5949,-29989,-29990]} 1. e4 c5 2. Nf3 e6 3. d4 cxd4 4. Nxd4 Nc6 5. Nc3 Qc7 6. f4 a6 7. Nxc6 bxc6 8. Bd3 d5 9. O-O Nf6 10. Qe2 (10. e5 $5 {[%cal Re5f6]} Nd7 11. b3 $11) 10... Be7 {B46: Sicilian: Taimanov: 5 Nc3 a6} 11. Kh1 (11. Bd2 O-O 12. Rae1 g6 13. Kh1 Bb7 14. b3 Rfe8 15. e5 Nd7 16. Na4 c5 17. c4 d4 18. Be4 {½-½ (55) Quesada Perez,Y (2630)-Kacheishvili,G (2590) Saint Louis 2017}) 11... Bb7 12. f5 {Threatens to win with e5.} e5 {The position is equal.} 13. Bd2 h5 $146 ({Predecessor:} 13... O-O 14. Rae1 Rfe8 15. Rf3 Bb4 16. Rg3 Bxc3 17. bxc3 dxe4 18. Bxe4 Nxe4 19. Qxe4 {1-0 (28) Plat,V (2279)-Laurusas,T (1888) Sibenik 2007}) 14. Rae1 Bd6 (14... Nd7 $11) 15. Rf3 $16 Kf8 16. Bg5 Qb6 17. b3 Qa5 18. Bxf6 gxf6 19. Na4 Ke7 20. c4 (20. c3 $14) 20... Rag8 21. Rd1 ({White should play} 21. Rc1 $11) 21... Rg4 ({Better is} 21... d4 $15) 22. Qc2 Rhg8 $1 23. Rf2 h4 (23... Ba3 $11 {remains equal.}) 24. c5 Bc7 25. a3 Bb8 26. b4 Qd8 27. h3 Rg3 28. Nc3 d4 29. Ne2 Re3 30. Ng1 Qf8 (30... a5 $142) 31. Nf3 Qg7 32. Nd2 Qg5 33. Nc4 Rg3 34. Na5 Ba8 35. Bxa6 (35. Qe2 $16) 35... Qe3 (35... Rxa3 $11 36. Be2 Qg3) 36. Bf1 $1 Qxa3 37. Nc4 $1 {[%cal Rc4a3]} Qxb4 38. Nb6 $2 (38. Ra1 $16 {keeps the pressure on.}) 38... Rc3 (38... Bc7 $1 $17 39. Ra1 Bb7) 39. Qa2 (39. Qb1 $5 {[%cal Rb1b4]} Rb3 40. Qa1 $11) 39... Ra3 $1 {[%cal Ra3a2]} 40. Qc2 Bc7 41. Rb1 $1 {[%cal Rb1b4]} Qc3 42. Nc4 Qxc2 43. Rxc2 Ra7 44. Rcb2 $1 Ra4 45. Kg1 Rg3 46. Nb6 Ra5 47. Nc4 $1 {[%cal Rc4a5]} Ra7 $36 {[%mdl 2048] Black has the initiative.} 48. Nb6 (48. Rb3 $11) 48... Kd8 49. Bc4 $2 (49. Nc4 $1 $11 {and White is okay.}) 49... Rc3 (49... Bb7 $19 50. Be2 Rc3) 50. Rb3 $17 Rc2 51. R3b2 ({White should try} 51. g3 $1 $15) 51... Rxb2 52. Rxb2 Bxb6 (52... Ra1+ $17 53. Kf2 Bb7) 53. cxb6 $2 {[%mdl 4096] Endgame KRB-KRB} ({White has to play} 53. Rxb6 $15 Bb7 54. g3) 53... Rd7 (53... Ra4 $19 54. Bxf7 Bb7) 54. Kf2 c5 55. Kf3 $2 (55. Bb5 $17 {was necessary.} Rd6 56. Ba6) 55... Bb7 (55... d3 $142 56. Ke3 d2 $1 {[%mdl 512]}) 56. Bd3 Ke7 57. Ra2 $2 (57. Kg4 $17) 57... Rd6 $19 58. Rb2 Rd8 59. Bc4 (59. g3 {keeps fighting.} hxg3 60. Kxg3) 59... Rg8 60. Ra2 {Strongly threatening Ra7.} Rg3+ 61. Kf2 {And now Ra7 would win.} Bxe4 62. Ra7+ {[#]} Kd8 $1 63. Rxf7 Rxg2+ 64. Kf1 Rc2 65. Be6 $2 (65. Ba6 {nothing else works.} Bc6 66. b7) 65... Rb2 66. Rf8+ (66. Rxf6 $142 Rxb6 67. Rf8+ Ke7 68. Rf7+ Kd6 69. Kf2) 66... Ke7 67. Rf7+ Ke8 68. Rxf6 d3 {[%cal Bd4d3,Bd3d2][%mdl 32]} 69. Bc4 $2 (69. Rg6 c4 70. Rg8+ Ke7 71. Rg7+ Kd6 72. Rd7+ Kc6 73. f6) 69... d2 {[%cal Rd2d1]} 70. Re6+ Kd7 {Precision: White = 39%, Black = 37%.} 0-1